Heavy Metal Musicians by Picture - Statistics

General Stats
  • This quiz has been taken 982 times
    951 since last reset
  • The average score is 26 of 50
Answer Stats
Picture Answer % Correct
Ozzy Osbourne
92%
Slash
88%
Axl Rose
85%
James Hetfield
84%
Marilyn Manson
84%
Alice Cooper
81%
Dave Mustaine
76%
Lars Ulrich
74%
Lemmy Kilmister
73%
Chester Bennington
68%
Corey Taylor
68%
Dimebag Darrell
68%
Eddie Van Halen
68%
Ronnie James Dio
68%
Gene Simmons
65%
Serj Tankian
60%
Tony Iommi
60%
Kerry King
55%
Brian Johnson
54%
Rob Halford
53%
Bon Scott
52%
Jimmy Page
51%
Zakk Wylde
51%
Rob Zombie
50%
Bruce Dickinson
49%
Jonathan Davis
49%
Joey Jordison
48%
Tom Morello
48%
Robert Plant
46%
Tom Araya
45%
Tommy Lee
45%
Philip Anselmo
40%
Scott Ian
40%
Dee Snider
39%
Glenn Danzig
38%
Peter Steele
38%
King Diamond
37%
Nikki Sixx
37%
George 'Corpsegrinder' Fisher
34%
Sebastian Bach
34%
Mike Portnoy
32%
Chuck Schuldiner
31%
David Draiman
30%
Max Cavalera
27%
Maynard James Keenan
26%
Randy Blythe
25%
Ritchie Blackmore
24%
Danni Filth
23%
Trent Reznor
20%
Devin Townsend
17%
No matching quizzes found
Score Distribution
Percent of People with Each Score
Percentile by Number Answered
Your Score History
You have not taken this quiz since the last reset